000 00676nam a2200265Ia 4500
005 20260121165054.0
008 008 260114s9999 xx 000 0 eng d
020 _a9781137560001
037 _aEBOOK
040 _aCRL
040 _beng
040 _cCRL
041 _2eng
041 _aeng
084 _qCRL
100 _aJulie H. Carter, Hilary A. Lochte
_91047189
245 0 _aTeacher Performance Assessment and Accountability Reforms
260 _bSpringer
260 _bSpringer
260 _c2017
856 _uhttps://link.springer.com/openurl?genre=book&isbn=978-1-137-56000-1
942 _cEBOOK
999 _c1612914
_d1612914